Kelet Népe. - 17.évf. (1925) Különkiadás

Elmentve itt :
Bibliográfiai részletek
Dokumentumtípus: Folyóirat
Megjelent: 1925
Sorozat:Kelet Népe : politikai, közgazdasági és irodalmi szemle 17
Online Access:http://misc.bibl.u-szeged.hu/49145
LEADER 00504nas a2200133 i 4500
001 misc49145
005 20200414125108.0
008 200414s1925 hu o 0|| zxx d
040 |a SZTE Miscellanea Repozitórium  |b hun 
041 |a zxx 
245 0 0 |a Kelet Népe. - 17.évf. (1925) Különkiadás  |h [elektronikus dokumentum] 
260 |c 1925 
490 0 |a Kelet Népe : politikai, közgazdasági és irodalmi szemle  |v 17 
856 4 0 |u http://misc.bibl.u-szeged.hu/49145/1/kelet_nepe_1925_maj_kulon_kiadas.pdf  |z Dokumentum-elérés